000 00544nam a2200169 a 4500
001 000035966
005 20200930074748.0
008 111121s2004 dr ac r 000 0 spa d
040 _aDO-SdBNP
_bspa
_cBNPHU
082 _axxxx
_bxxxx
100 1 _aVelázquez, Carlos
_961992
245 1 0 _aDe Santo Domingo al mundo el merengue y la bachata /
_cCarlos Velázquez, Alejandro Ureña.
260 _aNew York :
_bCalos Publishing,
_c2004.
300 _a198 p. ;
_c24 cm.
504 _aBibliografía : p. 193 - 196
700 1 2 _aUreña, Alejandro
_946272
999 _c35457
_d35457